000 00542nam a22001811 4500
001 114566
003 ES-MaACL
005 20230906190205.0
007 t|
008 960922q19011930sp ||||0| spa d
016 7 _zIND9600735208
040 _aM-BN
_bspa
_cCDM
100 1 _aQuintanilla y Fábregas, Guillermo.
_9170374
245 1 0 _aNuevas orientaciones técnicas del cultivo cereal /
_cpor Guillermo Quintanilla.
260 _aMadrid :
_bJulio Cosano,
_c[19--?]
300 _a46 p ;
_c23 cm.
852 _aES-MaACL
_j1716-F-12
_bR.7505
999 _c114566
_d114566